00727nam a2200169Ia 4500008004100000020001800041041000800059082001800067100002100085245021400106250000600320260003900326300001200365650002900377999001900406952013200425210716s2016 xx 000 0 und d a9781785285172 aeng a004.6005 SHAS aSharma, Sourabh. aMastering microservices with java: master the art of implementing microservices in your production environment with ease.bMaster the art of implementing microservices in your production environment with ease. a1 aMumbaibPackt Publishing Ltdc2016 axii,239 aWeb Design & Development c196227d196227 001040708MCAaAIMITbAIMITeKnowledge Worldg799.00l0o004.6005 SHASpMCA15742r2025-07-21 00:00:00v623.22w2021-07-16yBK